00553pab a2200157 454500008004000000100002100040245009500061260000900156300001300165362001100178650003600189773003400225909001100259999001900270952010600289180718b2017 xxu||||| |||| 00| 0 eng d aSirohi, Rahul A. aColonial 'shock' and global inequalities: a critical review of new institutional economics c2017 ap.85-93. a19 Aug aEconomic and social development aEconomic and Political Weekly a115636 c115630d115630 00104070aIIPAbIIPAd2018-07-19hVolume no: 52, Issue no: 33pAR116096r2018-07-19w2018-07-19yAR